| 000 | 00600nam a2200169 4500 | ||
|---|---|---|---|
| 008 | 171010b xxu||||| |||| 00| 0 eng d | ||
| 020 | _a0-7674-0512-9 | ||
| 082 |
_21999 _aDC 599.9 _bP21 |
||
| 100 |
_922997 _aPark, Michael Alan |
||
| 245 |
_aBiological anthropology / _cMichael Alan Park |
||
| 250 | _aSecond Edition | ||
| 260 |
_aMountain View, California : _bMayfield Pub. Co., _c©1999. |
||
| 300 |
_axviii, 412 pahes : _billustrations (some color), col. maps ; _c24 cm. |
||
| 500 | _aIncludes bibliographical references and index. | ||
| 650 | 0 |
_922998 _aPhysical anthropology |
|
| 942 |
_2ddc _cDC |
||
| 999 |
_c7612 _d7612 |
||